000 01134cam a22002891i 4500
003 SA-RiAUC
005 20241016064014.0
008 241014s1985 ye g 00000 ara c
040 _aSA-RiKSU
_bara
_cSA-RiAUC
_erda
050 4 _bA33 1985
082 0 4 _a212
_qSA-RiAUC
090 _a212
_bس و ي
100 _aسويسي، محمد
245 0 0 _aآداب العلماء والمتعلمين /
_cجمعه الحسين بن أمير المؤمنين المنصور بالله القاسم بن محمد بن علي.
250 _aالطبعة الثانية.
264 1 _aتونس؛
_bالدار العربية للكتاب،
_c1985
300 _a225 صفحة ؛
_c22 سم
336 _aنص
_btxt
_2rdacontent
_3كتاب
337 _aبدون وسيط
_bn
_2rdamedia
338 _aمجلد
_bnc
_2rdacarrier
650 7 _aالأخلاق الإسلامية
_2aucsh
650 7 _aالآداب الإسلامية
_2aucsh
650 7 _aالتربية الإسلامية
_2aucsh
650 7 _aالعلماء المسلمون
_vتراجم
_2aucsh
942 _2ddc
_cBOOK
_n0
949 _aSA-JeALM
_d241014
_umohamedma123
_n1
999 _c1382
_d1382